00688nam a2200181 i 4500001000300000100002300003245014200026260006900168700002500237700001600262040000800278041000800286942000700294008004100301999001700342856009800359952004900457bg1 aSzewczyk, Wilhelm. 0aPolitechnika Śląska :bXXX lat w służbie społeczeństwa /coprac. i red. tekstu Wilhelm Szewczyk, Barbara Kasprzycka, Iwo Pollo. aGliwice :bDział Wydawnictw Politechniki Śląskiej,c[1975].1 aKASPRZYCKA, Barbara.1 aPOLLO, Iwo. cBPK apol cKS s pl f |000 0 pol  c16413d16413 uhttp://koha.tu.koszalin.pl/cgi-bin/koha/opac-detail.pl?biblionumber=16413yKatalog online BPK 00104070aBPKbBPKcwo20143p01709520yKS